[Event "Haid op 6th"]
[Site "Haid"]
[Date "2018.08.29"]
[Round "3"]
[White "Schaller, Walter"]
[Black "Shiri, Mustafa"]
[Result "0-1"]
[WhiteElo "1631"]
[BlackElo "1893"]
[PlyCount "48"]
[EventDate "2018.08.27"]
[EventType "swiss"]
[EventRounds "7"]
[EventCountry "AUT"]
[SourceTitle "CBM 186 Extra"]
[Source "ChessBase"]
[SourceDate "2018.08.24"]
[SourceVersion "1"]
[SourceVersionDate "2018.08.24"]
[SourceQuality "1"]

1. d4 e6 2. c4 Nf6 3. Bg5 Be7 4. Nf3 d5 5. Nc3 Nbd7 6. cxd5 exd5 7. e3 0-0 8. Bd3 c5 9. 0-0 cxd4 10. Nxd4 Nc5 11. Bc2 Ne6 12. Bh4 Nxd4 13. Qxd4 Be6 14. Rac1 b6 15. h3 Rc8 16. a3 Rc4 17. Bxh7+ Nxh7 18. Bxe7 Qxe7 19. Qd3 Qf6 20. Qd2 Rcc8 21. Rfd1 Ng5 22. f3 Qg6 23. Kh2 Rfd8 24. h4 Nh7 0-1

[Event "Hoersching op 2nd"]
[Site "Hoersching"]
[Date "2014.08.24"]
[Round "2"]
[White "Fugger, Christian"]
[Black "Schaller, Walter"]
[Result "1-0"]
[WhiteElo "1940"]
[BlackElo "1548"]
[PlyCount "51"]
[EventDate "2014.08.23"]
[EventType "swiss"]
[EventRounds "9"]
[EventCountry "AUT"]
[SourceTitle "EXT 2015"]
[Source "ChessBase"]
[SourceDate "2014.11.20"]
[SourceVersion "1"]
[SourceVersionDate "2014.11.20"]
[SourceQuality "1"]

1. d4 e6 2. c4 d5 3. Nc3 Nf6 4. Bg5 Be7 5. e3 a6 6. a4 0-0 7. Nf3 Ne4 8. Bxe7 Nxc3 9. Bxd8 Nxd1 10. Be7 Nxb2 11. Bxf8 Kxf8 12. cxd5 exd5 13. Rb1 Nc4 14. Bd3 Be6 15. 0-0 Nd7 16. Ng5 Nf6 17. Nxe6+ fxe6 18. Bxc4 dxc4 19. Rfc1 Ke7 20. Rxc4 Kd6 21. Kf1 Ne4 22. f3 b5 23. Rcc1 Nf6 24. axb5 a5 25. e4 Nd7 26. Rc6+ 1-0